000 02116cam a22003134a 4500
005 20250605164149.0
008 250528s ||||||||||||||||||||||||d
035 _a19320
020 _a9607860659
040 _aGR-AtMCL
_bgre
_dGR-AtMCL
_eAACR2
245 1 _aΑνοικτή και Εξ Αποστάσεως Εκπαίδευση / Στοιχεία Θεωρίας και Πράξης
250 _a
260 _bΠροπομπός,
_c2006
300 _a224
520 _aΤο βιβλίο αυτό στο σύνολό του αποτελεί κατάθεση μιας πρώτης ωριμότητας που φαίνεται να διαμορφώνεται πλέον στο γνωστικό της εξ αποστάσεως εκπαίδευσης στη χώρα μας. Η Θεωρία της Εξ Αποστάσεως Εκπαίδευσης και η Πολυπλοκότητα της Πολυμορφικής της Διάστασης, η Προσπάθεια Διαμόρφωσης του Πλαισίου για την Οργάνωση λαι Λειτουργία του Ελληνικού Ανοικτού Πανεπιστημίου: Μια Κοινωνιολογική Προσέγγιση, Περιβάλλοντα Μάθησης στο Διαδίκτυο και Εκπαίδευση από Απόσταση, the Need for Culturally - Appropriate Distance Learning Methodology in Cross Cultural Development Contexts, the Open Universities of the United Kingdom, the Open Universities in Spain (UNED): a Pioneer Institution in Distance Learning.
700 1 _aDavcheva Leah
_95555
700 1 _aDr Aretio Garcia Lorenzo
_95556
700 1 _aDr Corbella Ruiz Marta
_95557
700 1 _aFay Richard
_95558
700 1 _aHill Moira
_95559
700 1 _aNc Farnes
_95560
700 1 _aΑναστασιάδης Παναγιώτης Σ
_95561
700 1 _aΚουστουράκης Γεράσιμος
_95562
700 1 _aΛιοναράκης Αντώνης
_95563
700 1 _aΡέππα - Αθανασούλα Αναστασία
_95564
942 _cBK
999 _c4580
_d4580